KOHA-Header-6

Consider: Harnessing the Power of Reflective Thinking In Your Organization (Record no. 12272)

000 -LEADER
fixed length control field 00356nam a22001217a 4500
020 ## - INTERNATIONAL STANDARD BOOK NUMBER
ISBN 9780230106079
082 ## - DEWEY DECIMAL CLASSIFICATION NUMBER
Classification number 153.4
100 ## - MAIN ENTRY--AUTHOR NAME
Personal name Daniel Patrick Forrester
245 ## - TITLE STATEMENT
Title Consider: Harnessing the Power of Reflective Thinking In Your Organization
260 ## - PUBLICATION, DISTRIBUTION, ETC. (IMPRINT)
Place of publication USA
Name of publisher Palgrave Macmillan
Year of publication 2011
300 ## - PHYSICAL DESCRIPTION
Number of Pages 238 pages
Other physical details 9.3 x 6.1 x 1.1 inches
942 ## - ADDED ENTRY ELEMENTS (KOHA)
Koha item type Books
Holdings
Withdrawn status Lost status Collection code Permanent Location Current Location Shelving location Date acquired Cost, normal purchase price Full call number Accession Number Koha item type
    English Literature MAJU MAJU Shelf No.A14 2020-02-25 4209.00 153.4 9551 English Literature

Powered by Koha